R v (1) H.M. Attorney General (2) The Secretary for State for Environment, Food and Rural Affairs ex p Countryside Alliance and others - and - R v H M Attorney General, The Secretary of State for Environment, Food and Rural Affairs, RSPCA (intervener) ex p Frances Derwin and others (Record no. 77412)

MARC details
000 -LEADER
fixed length control field 02280cab a2200253 4500
001 - CONTROL NUMBER
control field ##L134217
008 - FIXED-LENGTH DATA ELEMENTS--GENERAL INFORMATION
fixed length control field 060718n2006 000 0 eng u
035 ## - SYSTEM CONTROL NUMBER
System control number (Sirsi) u134217
041 0# - LANGUAGE CODE
Language code of text/sound track or separate title eng
245 00 - TITLE STATEMENT
Title R v (1) H.M. Attorney General (2) The Secretary for State for Environment, Food and Rural Affairs ex p Countryside Alliance and others - and - R v H M Attorney General, The Secretary of State for Environment, Food and Rural Affairs, RSPCA (intervener) ex p Frances Derwin and others
260 ## - PUBLICATION, DISTRIBUTION, ETC.
Date of publication, distribution, etc. 2006
520 ## - SUMMARY, ETC.
Summary, etc. [2006] EWCA Civ 817, 23 June 2006. Considers whether it came within the UK parliament's competence to enact the Hunting Act 2004 and whether the Act had infringed EC law or the Convention for the Protection of Human Rights and Fundamental Freedoms 1950. The appeals concerned the prohibition by the Act of the hunting with dogs of certain wild mammals. C contended that there had been infringements of their human rights in respect of Arts 8, 11 and Art 1 of the First Protocol of the Convention and that a total ban had not been required since alternative proposals would have been a limited and proportionate response to the objections raised about hunting. D argued that the ban infringed two of the free movement provisions in the EC Treaty. "Held": appeals dismissed. Enacting the Act had been within the rational, proportionate and democratic competence of parliament and the Act did not infringe EC law or the Convention.
590 ## - LOCAL NOTE (RLIN)
Local note IKA180706
650 ## - SUBJECT ADDED ENTRY--TOPICAL TERM
Topical term or geographic name entry element R V H M ATTORNEY GENERAL AND ANOTHER EX PARTE COUNTRYSIDE ALLIANCE AND OTHERS
650 24 - SUBJECT ADDED ENTRY--TOPICAL TERM
Topical term or geographic name entry element CONVENTION FOR THE PROTECTION OF HUMAN RIGHTS AND FUNDAMENTAL FREEDOMS FIRST PROTOCOL ART 1
650 24 - SUBJECT ADDED ENTRY--TOPICAL TERM
Topical term or geographic name entry element TREATY ESTABLISHING THE EUROPEAN COMMUNITY (NICE VERSION) ART 49
650 24 - SUBJECT ADDED ENTRY--TOPICAL TERM
Topical term or geographic name entry element TREATY ESTABLISHING THE EUROPEAN COMMUNITY (NICE VERSION) ART 28
650 24 - SUBJECT ADDED ENTRY--TOPICAL TERM
Topical term or geographic name entry element CONVENTION FOR THE PROTECTION OF HUMAN RIGHTS AND FUNDAMENTAL FREEDOMS ART 11
650 24 - SUBJECT ADDED ENTRY--TOPICAL TERM
Topical term or geographic name entry element CONVENTION FOR THE PROTECTION OF HUMAN RIGHTS AND FUNDAMENTAL FREEDOMS ART 8
651 #4 - SUBJECT ADDED ENTRY--GEOGRAPHIC NAME
Geographic name England and Wales
Chronological subdivision 1543-
690 ## - LOCAL SUBJECT ADDED ENTRY--TOPICAL TERM (OCLC, RLIN)
Topical term or geographic name as entry element PROPERTY-RURAL AND NATURAL ASSETS-SPORTING RIGHTS
856 40 - ELECTRONIC LOCATION AND ACCESS
Uniform Resource Identifier <a href="https://www.bailii.org/ew/cases/EWCA/Civ/2006/817.html">https://www.bailii.org/ew/cases/EWCA/Civ/2006/817.html</a>
Public note View the judgment free of charge at www.bailii.gov.uk...
942 ## - ADDED ENTRY ELEMENTS (KOHA)
Suppress in OPAC 0
Holdings
Withdrawn status Lost status Source of classification or shelving scheme Damaged status Not for loan Home library Current library Shelving location Date acquired Total Checkouts Full call number Barcode Date last seen Copy number Price effective from Koha item type
    Dewey Decimal Classification     Virtual Virtual Online 18/07/2006   ONLINE PUBLICATION 134217-2001 06/08/2019 1 06/08/2019 Law report